LIBRARY & INFORMATION CENTRE, KCAET, TAVANUR

ONLINE PUBLIC ACCESS CATALOGUE (OPAC)

Text book of organic chemistry / (Record no. 9800)

MARC details
000 -LEADER
fixed length control field 00465cam a2200193ua 4500
041 ## - LANGUAGE CODE
Language code of text/sound track or separate title eng
082 ## - DEWEY DECIMAL CLASSIFICATION NUMBER
Classification number 547
Item number SON/TE
100 ## - MAIN ENTRY--AUTHOR NAME
Personal name Soni, P L .
245 ## - TITLE STATEMENT
Title Text book of organic chemistry /
250 ## - EDITION STATEMENT
Edition statement 26 /
260 ## - PUBLICATION, DISTRIBUTION, ETC. (IMPRINT)
Place of publication New Delhi :
Name of publisher S.Chand & Sons ,
Year of publication 1994.
300 ## - PHYSICAL DESCRIPTION
Number of Pages 1382 ; .
700 1# - ADDED ENTRY--PERSONAL NAME
Personal name Chawla, H M .
942 ## - ADDED ENTRY ELEMENTS (KOHA)
Koha item type Books
Holdings
Withdrawn status Lost status Damaged status Home library Current library Date acquired Full call number Accession Number Koha item type
      KAUAET KAUAET 07/04/2012 547 19058 Books
free website counter